LEADER 01217nam a2200289 4500 001 000000361837 003 CaOOAMICUS 005 20250227110558.0 008 250226s2021 it 000 u ita r 020 $a978-88-8166-230-2 040 $aSeMil$bita 041 1 $aita$afre 100 1 $aBobin, Christian,$d<1951-2022>.$0(OLS)http://semarc/name/22406 240 12$aL'éloignement du monde.$0(OLS)http://semarc/title/452643 245 13$aIl distacco dal mondo /$cChristian Bobin ; a cura di Espedito D'Agostini ; testo francese a fronte. 264 1$aGorle (BG) :$bServitium,$c©2005 (stampa 2021) 300 $a61 p. ;$c16 cm 490 1 $aPhilología ;$v9 700 1 $aD'Agostini, Espedito.$0(OLS)http://semarc/name/26006 830 0$aPhilología ;$v9.$0(OLS)http://semarc/title/452646 850 $aSeMil 852 $aSeMil$W1$xVenegono$y1$m5D IV 1/23$j254874$B252781$CSeMilBibl$Z2$F252781 $81 961 $aFumagalli don Marcello - Omaggio 996 $6020$a978-88-8166-230-2$9(OLS)http://semarc/number/302556 996 $6245$aIl distacco dal mondo$9(OLS)http://semarc/title/452645 996 $6264$aGorle (BG) :$bServitium$9(OLS)http://semarc/publisher/34138 LEADER 01095nam a2200229 i 4500 001 000000224604 003 CaOOAMICUS 005 20131106000000.0 008 131106s1957 xx u000 u fre u 013 $a203502 040 $aSeMil$bita 100 1 $aMasson, Charles.$0(OLS)http://semarc/name/32041 245 10$aLes deux Épitres de Saint Paul aux Thessaloniciens /$cCharles Masson. 260 $aNeuchatel (Suisse) :$bDelachaux et Niestlé,$ccopyr. 1957. 300 $a116 p. ;$c25 cm. 490 0 $aCommentaire du Nouveau Testament [Delachaux et Niestlé]v11.1 650 4$aBibbia - NT - Lettere ai Tessalonicesi - Commentari, studi, critica, interpretazioni.$0(OLS)http://semarc/subject/16269 830 0$aCommentaire du Nouveau Testament ;$v11.1.$0(OLS)http://semarc/title/39435 850 $aSeMil 852 $aSeMil$W1$xVenegono$y1$m2V V 121$j174950$B174950$CSeMilBibl$Z2$F184953 $81 996 $6245$aLes deux Épitres de Saint Paul aux Thessaloniciens$9(OLS)http://semarc/title/321878 996 $6260$aNeuchatel (Suisse) :$bDelachaux et Niestlé$9(OLS)http://semarc/publisher/30796